Влияние толщины режущих пластин на их прочность; Молодежь и современные информационные технологии; Т. 2

Bibliografiske detaljer
Parent link:Молодежь и современные информационные технологии: сборник трудов XIV Международной научно-практической конференции студентов, аспирантов и молодых ученых, г. Томск, 7-11 ноября 2016 г./ Национальный исследовательский Томский политехнический университет (ТПУ), Институт кибернетики (ИК) ; под ред. В. С. Аврамчук [и др.].— , 2016
Т. 2.— 2016.— [С. 334-335]
Institution som forfatter: Национальный исследовательский Томский политехнический университет (ТПУ) Институт кибернетики (ИК)
Andre forfattere: Козлов В. Н. Виктор Николаевич (научный руководитель), Чжан Ц., Цуй Ц., Лещинер Е. Г. Екатерина Георгиевна
Summary:Заглавие с титульного экрана
Sprog:russisk
Udgivet: 2016
Serier:Информационные технологии в машиностроении
Fag:
Online adgang:http://earchive.tpu.ru/handle/11683/37105
Format: MixedMaterials Electronisk Book Chapter
KOHA link:https://koha.lib.tpu.ru/cgi-bin/koha/opac-detail.pl?biblionumber=622368

MARC

LEADER 00000naa2a2200000 4500
001 622368
005 20240223115955.0
035 |a (RuTPU)RU\TPU\conf\21047 
035 |a RU\TPU\conf\21046 
090 |a 622368 
100 |a 20170216d2016 k y0rusy50 ca 
101 0 |a rus 
102 |a RU 
105 |a y z 101zy 
135 |a drcn ---uucaa 
181 0 |a i  
182 0 |a b 
200 1 |a Влияние толщины режущих пластин на их прочность  |f В. Н. Козлов [и др.]  |g науч. рук. В. Н. Козлов 
203 |a Текст  |c электронный 
225 1 |a Информационные технологии в машиностроении 
300 |a Заглавие с титульного экрана 
320 |a [Библиогр.: с. 335 (7 назв.)] 
461 1 |0 (RuTPU)RU\TPU\conf\20573  |t Молодежь и современные информационные технологии  |o сборник трудов XIV Международной научно-практической конференции студентов, аспирантов и молодых ученых, г. Томск, 7-11 ноября 2016 г.  |o в 2 т.  |f Национальный исследовательский Томский политехнический университет (ТПУ), Институт кибернетики (ИК) ; под ред. В. С. Аврамчук [и др.]  |d 2016 
463 0 |0 (RuTPU)RU\TPU\conf\20575  |t Т. 2  |v [С. 334-335]  |d 2016 
610 1 |a электронный ресурс 
610 1 |a труды учёных ТПУ 
610 1 |a толщина 
610 1 |a режущие пластины 
610 1 |a прочность 
610 1 |a износ 
610 1 |a инструменты 
610 1 |a внутренние напряжения 
610 1 |a tool wear 
610 1 |a cutting tool strength 
610 1 |a internal stresses 
701 1 |a Козлов  |b В. Н.  |c специалист в области машиностроения  |c доцент Томского политехнического университета, кандидат технических наук  |f 1958-  |g Виктор Николаевич  |3 (RuTPU)RU\TPU\pers\29308  |9 13895 
701 1 |a Чжан  |b Ц. 
701 1 |a Цуй  |b Ц. 
701 1 |a Лещинер  |b Е. Г.  |c специалист в области машиностроения  |c старший преподаватель Томского политехнического университета  |f 1940-  |g Екатерина Георгиевна  |3 (RuTPU)RU\TPU\pers\37671 
702 1 |a Козлов  |b В. Н.  |c специалист в области машиностроения  |c доцент Томского политехнического университета, кандидат технических наук  |f 1958-  |g Виктор Николаевич  |4 727 
712 0 2 |a Национальный исследовательский Томский политехнический университет (ТПУ)  |b Институт кибернетики (ИК)  |3 (RuTPU)RU\TPU\col\18397 
801 2 |a RU  |b 63413507  |c 20170217  |g RCR 
856 4 |u http://earchive.tpu.ru/handle/11683/37105 
942 |c BK